000
00241nam a22000857a 4500
008
160702b xxu||||| |||| 00| 0 eng d
100
_9
1772
_a
Sharma, S.K., et al
245
_a
Learning and Teaching Learning Process
260
_a
Delhi
_b
Isha
_c
2005
999
_c
1476
_d
1476